| 000 | 00642nam a22002291a 4500 | ||
|---|---|---|---|
| 001 | 22559 | ||
| 003 | BD-RjUL | ||
| 005 | 20211209000824.0 | ||
| 008 | 140308s1960 ru 000 0 eng d | ||
| 035 | _a(BD-RjUL)22624 | ||
| 040 |
_aANL _beng _cANL _dBD-RjUL |
||
| 041 | _aeng | ||
| 082 | 0 | 4 |
_a621.48 _bVON 1960 |
| 100 | 1 |
_aVoskoboinik, David. _969632 |
|
| 245 | 1 | 0 |
_aNuclear power / _cAuthorized translation by M.H.Zimmerman. |
| 250 | _a2nd ed. | ||
| 260 |
_aMoscow : _bForeign Languages Pub. House, _c1960. |
||
| 300 |
_a148 p. ; _c21 cm. |
||
| 650 | 0 |
_aNuclear engineering. _969633 |
|
| 650 | 0 |
_aNuclear energy. _969634 |
|
| 942 |
_2ddc _cBK |
||
| 999 |
_c22559 _d22559 |
||